| 000 | 00464nam a2200181Ia 4500 | ||
|---|---|---|---|
| 008 | 231217s9999 xx 000 0 und d | ||
| 020 | _a8178811308 | ||
| 041 | _aEnglish | ||
| 082 | _a658.8 JAY;1 R | ||
| 100 | _aJayasimha, K R ed. | ||
| 245 | 0 | _aStrategic marketing V.1 : concepts and cases | |
| 250 | _a1st ed. | ||
| 260 |
_c2003 _bICFAI Press _aHyderabad |
||
| 300 | _aviii, 183 | ||
| 500 | _aContent page available | ||
| 650 | _aICFAI | ||
| 942 | _cAA | ||
| 999 |
_c181583 _d181583 |
||